| 000 | 01227cam a2200289 i 4500 | ||
|---|---|---|---|
| 001 | SSB064508 | ||
| 003 | PILC | ||
| 005 | 20151105151452.0 | ||
| 008 | 131031s2015 maua 000 0 eng | ||
| 010 | _a2013041593 | ||
| 020 | _a9780133078602 (pbk.) | ||
| 020 | _a9781292059402 (Global edition) | ||
| 020 | _a1292059400 (Global edition) | ||
| 040 |
_aDLC _beng _cDLC _erda |
||
| 042 | _apcc | ||
| 050 | 0 | 0 |
_aHF 5686.C7 _b.J132 2015 |
| 100 | 1 | _aJackson, Cecil Wilfrid. | |
| 245 | 1 | 0 |
_aDetecting accounting fraud : _banalysis and ethics / _cCecil W. Jackson. |
| 260 |
_aBoston : _bPearson, _c2015. |
||
| 300 |
_axxi, 377 pages : _bcolor illustrations ; _c23 cm. |
||
| 500 | _aIncludes bibliographical references and index. | ||
| 505 | 0 | _aIntroduction to the problem of accounting fraud -- Ethics at work -- The sizzling saga of Sunbeam -- Hocus pocus -- Worldcom wizardry : from WorldCom to worldcon -- Abracadabra -- Enron and the tale of the golden goose -- Tall tales -- Mortgage mayhem. | |
| 650 | 0 |
_aAccounting fraud _zUnited States. |
|
| 650 | 0 |
_aCorporations _xAccounting _xCorrupt practices _zUnited States. |
|
| 650 | 0 |
_aCorporations _xAccounting _xLaw and legislation _zUnited States. |
|
| 942 |
_2lcc _cBK _kFOR |
||
| 999 |
_c288937 _d288937 |
||